[Event "GER-ch 82nd"]
[Site "Bonn"]
[Date "2011.05.28"]
[Round "3"]
[White "Kessler, Andreas"]
[Black "Seger, Ruediger"]
[Result "1-0"]
[WhiteElo "2167"]
[BlackElo "2412"]
[EventDate "2011.05.26"]
[PlyCount "97"]

1. e4 c6 2. d4 d5 3. Nc3 dxe4 4. Nxe4 Bf5 5. Ng3 Bg6 6. h4 h6 7. Nf3 Nd7 8. h5 Bh7 9. Bd3 Bxd3 10. Qxd3 Ngf6 11. Bf4 Qa5+ 12. Bd2 Qc7 13. O-O-O O-O-O 14. Qe2 e6 15. Ne5 Nb6 16. Ba5 c5 17. Rh4 Rd5 18. c4 Rd8 19. Kb1 Bd6 20. Rc1 Rhe8 21. b4 Bxe5 22. dxe5 Nfd7 23. Re4 Nb8 24. b5 Qe7 25. Rg4 f5 26. exf6 gxf6 27. Rg6 Rd4 28. Rxh6 N8d7 29. Ne4 f5 30. Nd2 Qf7 31. Bc3 Na4 32. Bxd4 cxd4 33. Nb3 e5 34. Ka1 Ndc5 35. Rd6 Qc7 36. Rd5 Nxb3+ 37. axb3 Nc5 38. Kb2 b6 39. h6 e4 40. Rxd4 Qe5 41. Rcd1 Rd8 42. Kc3 f4 43. Qg4+ Ne6 44. Kc2 Rxd4 45. Rxd4 e3 46. fxe3 Kc7 47. Rxf4 Qxe3 48. Rf7+ Kd6 49. Rf6 1-0

[Event "GER-ch 82nd"]
[Site "Bonn"]
[Date "2011.05.28"]
[Round "3"]
[White "Krause, Ullrich"]
[Black "Mertens, Heiko"]
[Result "0-1"]
[WhiteElo "2283"]
[BlackElo "2355"]
[EventDate "2011.05.26"]
[PlyCount "126"]

1. e4 c5 2. Nf3 Nc6 3. d4 cxd4 4. Nxd4 Nf6 5. Nc3 e6 6. Ndb5 d6 7. Bf4 e5 8. Bg5 a6 9. Na3 b5 10. Nd5 Be7 11. Bxf6 Bxf6 12. c4 b4 13. Nc2 a5 14. g3 O-O 15. Bg2 g6 16. h4 Bg7 17. h5 Rb8 18. b3 Be6 19. hxg6 fxg6 20. Bh3 Bxh3 21. Rxh3 Qg5 22. Rh4 Rb7 23. Rg4 Qd8 24. Qe2 Rbf7 25. Rd1 a4 26. Rd3 Qa5 27. f3 axb3 28. axb3 Qc5 29. Kf1 Ra8 30. Kg2 Ra2 31. Rh4 Nd4 32. Nxd4 Rxe2+ 33. Nxe2 Ra7 34. Nc1 Ra1 35. Rh1 Rb1 36. Rd2 Qa7 37. Nxb4 Rxc1 38. Rxc1 Qa5 39. Rxd6 Qxb4 40. Rd8+ Bf8 41. Ra1 Kg7 42. Rd7+ Kf6 43. Ra6+ Kg5 44. Re6 Qxb3 45. Rf7 Bb4 46. Rxe5+ Kh6 47. Kh3 Qxc4 48. Rd5 Qc1 49. Kg4 Qc6 50. Kf4 Bd6+ 51. Ke3 Bxg3 52. Rdd7 Qc3+ 53. Ke2 Qc2+ 54. Ke3 Bf2+ 55. Kf4 Qc1+ 56. Ke5 Bg3+ 57. f4 Kh5 58. Rxh7+ Kg4 59. Kd5 Qxf4 60. Rde7 Qd6+ 61. Kc4 Be5 62. Rd7 Qc6+ 63. Kd3 g5 0-1

[Event "GER-ch 82nd"]
[Site "Bonn"]
[Date "2011.05.28"]
[Round "3"]
[White "Kummerow, Heiko"]
[Black "Vatter, Hans Joachim"]
[Result "1/2-1/2"]
[WhiteElo "2326"]
[BlackElo "2326"]
[EventDate "2011.05.26"]
[PlyCount "23"]

1. e4 d5 2. exd5 Qxd5 3. Nc3 Qa5 4. d4 Nf6 5. Nf3 Bg4 6. h3 Bh5 7. g4 Bg6 8. Ne5 e6 9. Nc4 Qa6 10. Ne5 Qa5 11. Nc4 Qa6 12. Ne5 1/2-1/2

[Event "GER-ch 82nd"]
[Site "Bonn"]
[Date "2011.05.28"]
[Round "3"]
[White "Molinaroli, Martin"]
[Black "Seel, Christian"]
[Result "0-1"]
[WhiteElo "2286"]
[BlackElo "2484"]
[EventDate "2011.05.26"]
[PlyCount "56"]

1. e4 d5 2. exd5 Qxd5 3. Nc3 Qa5 4. Bc4 Nf6 5. Nf3 Bf5 6. Qe2 e6 7. O-O Nbd7 8. d4 c6 9. Ne5 Bb4 10. Nxd7 Nxd7 11. Ne4 O-O 12. c3 Be7 13. Ng3 Bg6 14. Bxe6 fxe6 15. Qxe6+ Rf7 16. Qxd7 Raf8 17. Qe6 Qb5 18. Rd1 Bh4 19. f3 Kh8 20. Qb3 Qa6 21. Be3 Bd8 22. Bf2 h5 23. Nf1 h4 24. h3 Bf5 25. c4 c5 26. Ne3 Bxh3 27. Nd5 Qg6 28. g4 Rxf3 0-1

[Event "GER-ch 82nd"]
[Site "Bonn"]
[Date "2011.05.28"]
[Round "3"]
[White "Natsidis, Christoph"]
[Black "Zill, Christoph"]
[Result "1-0"]
[WhiteElo "2363"]
[BlackElo "2278"]
[EventDate "2011.05.26"]
[PlyCount "121"]

1. d4 e6 2. Nf3 f5 3. g3 Nf6 4. Bg2 Be7 5. O-O O-O 6. c4 d6 7. b4 Ne4 8. Bb2 Nd7 9. Nbd2 Ndf6 10. Nb3 Qe8 11. Nc1 Bd7 12. a4 a6 13. Nd3 g5 14. Qc2 Qh5 15. Bc1 Ng4 16. h3 Ngf6 17. a5 Kh8 18. Bb2 Rg8 19. Rad1 f4 20. g4 Qg6 21. Nfe5 dxe5 22. Nxe5 Qe8 23. Nxd7 Qxd7 24. Bxe4 Nxe4 25. Qxe4 Bf6 26. Bc3 c6 27. Rd3 Raf8 28. Rfd1 Qg7 29. Rf3 Qg6 30. Qxg6 hxg6 31. Kg2 Rf7 32. e4 Rd8 33. Rfd3 Rfd7 34. R3d2 Kg8 35. e5 Be7 36. Kf3 Kf7 37. Ke4 Rh8 38. Rd3 Rh7 39. Rb1 Rh8 40. Rb3 Rh7 41. Bb2 Rh8 42. d5 cxd5+ 43. cxd5 Rxd5 44. Rxd5 exd5+ 45. Kxd5 Rd8+ 46. Ke4 Ke6 47. b5 Bc5 48. bxa6 bxa6 49. Rc3 Rd4+ 50. Kf3 Rd5 51. Rc4 Bxf2 52. Rc6+ Kd7 53. Rxa6 Rd3+ 54. Kxf2 Rd2+ 55. Kf3 Rxb2 56. Rxg6 Rb3+ 57. Ke4 Rb4+ 58. Kf5 f3 59. Kxg5 Rb5 60. Rf6 Rxe5+ 61. Kh4 1-0

[Event "GER-ch 82nd"]
[Site "Bonn"]
[Date "2011.05.28"]
[Round "3"]
[White "Pitschka, Claus"]
[Black "Krassowizkij, Jaroslaw"]
[Result "0-1"]
[WhiteElo "2276"]
[BlackElo "2356"]
[EventDate "2011.05.26"]
[PlyCount "94"]

1. d4 Nf6 2. Nf3 d5 3. Bf4 g6 4. e3 Bg7 5. h3 O-O 6. Bd3 c5 7. c3 Nc6 8. Nbd2 Qb6 9. Rb1 Be6 10. O-O Rac8 11. Qb3 Qxb3 12. axb3 cxd4 13. exd4 Nh5 14. Bh2 Bh6 15. b4 Nf4 16. Bxf4 Bxf4 17. Ra1 b6 18. Nb3 Bb8 19. Rfe1 Rfe8 20. Ne5 Bxe5 21. dxe5 Red8 22. Ba6 Rc7 23. Rad1 d4 24. Nxd4 Nxd4 25. Rxd4 Rxd4 26. cxd4 Rc2 27. Rd1 Bd5 28. Bf1 Rxb2 29. b5 Rb4 30. f3 e6 31. Kf2 Kf8 32. Ke3 Bc4 33. Bxc4 Rxc4 34. Ra1 Rb4 35. Rxa7 Rxb5 36. Ra8+ Kg7 37. Rd8 g5 38. f4 gxf4+ 39. Kxf4 Rd5 40. Rd6 Rxd6 41. exd6 Kf8 42. d5 exd5 43. Ke5 Ke8 44. Kxd5 Kd7 45. g4 f6 46. h4 h6 47. Ke4 b5 0-1

[Event "GER-ch 82nd"]
[Site "Bonn"]
[Date "2011.05.28"]
[Round "3"]
[White "Siebrecht, Sebastian"]
[Black "Fridman, Daniel"]
[Result "0-1"]
[WhiteElo "2460"]
[BlackElo "2661"]
[EventDate "2011.05.26"]
[PlyCount "68"]

1. d4 Nf6 2. Nf3 e6 3. c4 Bb4+ 4. Bd2 c5 5. g3 Qb6 6. Qb3 Nc6 7. Bxb4 Qxb4+ 8. Qxb4 Nxb4 9. Na3 b6 10. Bg2 Bb7 11. O-O Ke7 12. Nb5 a6 13. Nc3 cxd4 14. Nxd4 Bxg2 15. Kxg2 Rac8 16. b3 b5 17. a3 Nc6 18. Nxc6+ Rxc6 19. e4 bxc4 20. b4 Rd8 21. Rfd1 d5 22. exd5 Nxd5 23. Rac1 Nxc3 24. Rxd8 Kxd8 25. Rxc3 Kc7 26. Kf3 Kb6 27. a4 a5 28. b5 Rc8 29. Ke3 Kc5 30. Rc1 Rd8 31. Rb1 c3 32. b6 Kc4 33. b7 c2 34. b8=Q Rxb8 0-1

[Event "GER-ch 82nd"]
[Site "Bonn"]
[Date "2011.05.28"]
[Round "3"]
[White "Stern, Rene"]
[Black "Andre, Gordon"]
[Result "1-0"]
[WhiteElo "2483"]
[BlackElo "2363"]
[EventDate "2011.05.26"]
[PlyCount "73"]

1. d4 d5 2. c4 c6 3. Nf3 Nf6 4. Nbd2 Bf5 5. Nh4 Bg6 6. Qb3 Qc7 7. Nxg6 hxg6 8. g3 e6 9. Bg2 Nbd7 10. O-O Be7 11. Qc2 Rd8 12. Nb3 O-O 13. cxd5 exd5 14. f3 Qb6 15. Be3 a5 16. Bf2 a4 17. Nc1 c5 18. Qxa4 Qxb2 19. Nd3 Qxe2 20. Nxc5 Bxc5 21. dxc5 Ne5 22. Qb3 Qa6 23. Rab1 Rd7 24. Bh3 Rc7 25. Bd4 Nc6 26. Qb6 Re7 27. Qxa6 bxa6 28. Bf2 Ne5 29. Kg2 Nd3 30. Rfd1 Nxf2 31. Kxf2 Rc7 32. Rdc1 d4 33. c6 Ra8 34. Rb7 Nd5 35. Rc5 Re8 36. Rxd5 Rxc6 37. Rb2 1-0

[Event "GER-ch 82nd"]
[Site "Bonn"]
[Date "2011.05.28"]
[Round "3"]
[White "Strache, Michael"]
[Black "Lubbe, Nikolas"]
[Result "1-0"]
[WhiteElo "2317"]
[BlackElo "2422"]
[EventDate "2011.05.26"]
[PlyCount "155"]

1. Nf3 Nf6 2. d4 g6 3. g3 Bg7 4. Bg2 O-O 5. O-O d6 6. Re1 Nc6 7. e4 Bg4 8. h3 Bxf3 9. Bxf3 e5 10. dxe5 Nxe5 11. Bg2 Nfd7 12. Nd2 Re8 13. a4 a5 14. Ra3 Nb6 15. Kh2 c6 16. f4 Ned7 17. Rae3 h5 18. b3 Nf8 19. c4 h4 20. Kh1 Ne6 21. f5 Nd4 22. Nf3 Nxf3 23. Rxf3 Be5 24. Bf4 hxg3 25. fxg6 fxg6 26. Rxg3 Re6 27. Bxe5 dxe5 28. c5 Nd7 29. Rd3 Re7 30. Rg1 Qe8 31. Qc1 Kg7 32. h4 Nf6 33. Bh3 Qf7 34. Rdg3 Rh8 35. Rxg6+ Qxg6 36. Rxg6+ Kxg6 37. Qg5+ Kf7 38. Bf5 Ng8 39. Bg6+ Kf8 40. h5 Rh6 41. Kg2 Re6 42. Qf5+ Rf6 43. Qxe5 Rhxg6+ 44. hxg6 Rxg6+ 45. Kf3 Rf6+ 46. Ke2 Rf7 47. Qb8+ Kg7 48. Qd8 Re7 49. Kf3 Rf7+ 50. Ke3 Nf6 51. Qxa5 Re7 52. Qd8 Kf7 53. Qd4 Rd7 54. Qc4+ Ke7 55. Qc3 Ke6 56. Kf4 Rh7 57. Qc4+ Ke7 58. Kf5 Ne8 59. b4 Rf7+ 60. Ke5 Rh7 61. Qe6+ Kd8 62. Kd4 Rd7+ 63. Kc4 Re7 64. Qg6 Nc7 65. Qd6+ Ke8 66. Qg6+ Kd7 67. b5 cxb5+ 68. axb5 Ne6 69. Qf5 Ke8 70. e5 Nd8 71. Qg6+ Kf8 72. Kd5 Rd7+ 73. Ke4 Re7 74. Qf6+ Ke8 75. Qh8+ Kd7 76. Kd5 Ne6 77. Qh3 Re8 78. c6+ 1-0

[Event "GER-ch 82nd"]
[Site "Bonn"]
[Date "2011.05.29"]
[Round "4"]
[White "Andre, Gordon"]
[Black "Mueller, Oliver"]
[Result "1-0"]
[WhiteElo "2363"]
[BlackElo "2327"]
[EventDate "2011.05.26"]
[PlyCount "53"]

1. d4 Nf6 2. c4 e6 3. Nf3 Bb4+ 4. Nbd2 b6 5. a3 Bxd2+ 6. Qxd2 Bb7 7. e3 Ne4 8. Qc2 O-O 9. b3 d6 10. Bd3 f5 11. Bb2 Nd7 12. O-O-O a5 13. Rhg1 a4 14. b4 b5 15. d5 e5 16. g4 bxc4 17. Bxc4 fxg4 18. Nxe5 Rxf2 19. Qxe4 Nf6 20. Qh1 dxe5 21. d6+ Kh8 22. Qxb7 cxd6 23. Rxd6 Qc8 24. Qc6 Ne8 25. Re6 Rf6 26. b5 Rb8 27. Bxe5 1-0

[Event "GER-ch 82nd"]
[Site "Bonn"]
[Date "2011.05.29"]
[Round "4"]
[White "Bastian, Herbert"]
[Black "Pitschka, Claus"]
[Result "1-0"]
[WhiteElo "2332"]
[BlackElo "2276"]
[EventDate "2011.05.26"]
[PlyCount "43"]

1. e4 e5 2. Nf3 d6 3. Bc4 Be7 4. c3 Nf6 5. d3 c6 6. O-O O-O 7. Bb3 Nbd7 8. Nbd2 d5 9. Re1 dxe4 10. Nxe4 Qc7 11. Bg5 Re8 12. Bxf6 Bxf6 13. d4 exd4 14. Bxf7+ Kxf7 15. Neg5+ Bxg5 16. Nxg5+ Kg6 17. Rxe8 Kxg5 18. h4+ Kxh4 19. Qxd4+ Kh5 20. Qxg7 Qf4 21. Qxh7+ Kg5 22. Rg8+ 1-0

[Event "GER-ch 82nd"]
[Site "Bonn"]
[Date "2011.05.29"]
[Round "4"]
[White "Dranov, Aleksandar"]
[Black "Kessler, Andreas"]
[Result "1-0"]
[WhiteElo "2465"]
[BlackElo "2167"]
[EventDate "2011.05.26"]
[PlyCount "125"]

1. Nf3 g6 2. g3 Bg7 3. Bg2 c5 4. c4 Nc6 5. O-O Nh6 6. Nc3 Nf5 7. a3 d6 8. Rb1 a5 9. e3 h5 10. h3 Bd7 11. Nb5 Qb6 12. d3 Rb8 13. Bd2 Na7 14. Nc3 Qd8 15. b4 b6 16. b5 Qc8 17. Ne2 Nh6 18. h4 Bh3 19. Bc3 Bxc3 20. Nxc3 Bxg2 21. Kxg2 Qg4 22. Nd5 Rb7 23. d4 O-O 24. Qd3 Rc8 25. e4 Kf8 26. Rfe1 Ng8 27. Re2 Rd8 28. Rbe1 Qd7 29. Ne3 Nc8 30. d5 Nf6 31. e5 dxe5 32. Nxe5 Qe8 33. Qc3 Nd6 34. f3 Rc8 35. Nc6 Rcc7 36. g4 Kg8 37. Nf1 Qf8 38. g5 Nfe8 39. Ng3 Ng7 40. Re5 Ngf5 41. Nxf5 Nxf5 42. Rxf5 gxf5 43. Re5 Qg7 44. Qe3 f4 45. Qxf4 Rd7 46. Kh3 Qg6 47. Rf5 e6 48. Re5 Qb1 49. Qe3 Qf1+ 50. Kg3 Kf8 51. dxe6 Rd3 52. e7+ Ke8 53. Rd5 Rxd5 54. cxd5 Rd7 55. Qc3 Qg1+ 56. Kf4 Qh2+ 57. Ke3 Rxe7+ 58. Nxe7 Kxe7 59. Qf6+ Ke8 60. d6 Qg1+ 61. Ke4 Qb1+ 62. Kd5 Qe1 63. Kc6 1-0

[Event "GER-ch 82nd"]
[Site "Bonn"]
[Date "2011.05.29"]
[Round "4"]
[White "Fridman, Daniel"]
[Black "Stern, Rene"]
[Result "1/2-1/2"]
[WhiteElo "2661"]
[BlackElo "2483"]
[EventDate "2011.05.26"]
[PlyCount "207"]

1. d4 d5 2. c4 e6 3. Nc3 Be7 4. Bf4 Nf6 5. e3 O-O 6. Rc1 c5 7. cxd5 Nxd5 8. Bg3 cxd4 9. exd4 Bg5 10. Rc2 Nb4 11. Re2 b6 12. a3 N4c6 13. Nf3 Ba6 14. Rc2 Bxf1 15. Kxf1 Bf6 16. Rd2 Ne7 17. Ne5 Nd5 18. Qf3 Na6 19. Nxd5 exd5 20. h4 Rc8 21. Ng4 Re8 22. Rd1 Nc7 23. h5 h6 24. Nxf6+ Qxf6 25. Qxf6 gxf6 26. Bh4 Kg7 27. Rh3 Ne6 28. Rf3 Ng5 29. Rf5 Rc2 30. Rxd5 Rxb2 31. Rf5 Ree2 32. d5 Red2 33. Rxd2 Rxd2 34. f3 Rd3 35. Bf2 Rxa3 36. Bd4 Nh7 37. d6 Kf8 38. Rf4 Ra5 39. Bb2 Rd5 40. Rc4 Kg7 41. Rg4+ Kf8 42. Ba3 Ke8 43. Rg8+ Kd7 44. Rh8 Rd1+ 45. Ke2 Ra1 46. Bb4 a5 47. Bd2 Ng5 48. Rxh6 Rg1 49. Kf2 Rh1 50. Be3 Ne6 51. Rxf6 Rxh5 52. Bxb6 Rh7 53. Bxa5 Kxd6 54. Bb4+ Ke5 55. Bc3+ Kd6 56. Rf5 Ke7 57. Bf6+ Ke8 58. g4 Rh2+ 59. Ke3 Ra2 60. Rd5 Ra3+ 61. Kf2 Ra2+ 62. Kf1 Ra3 63. Kf2 Ra2+ 64. Ke1 Ra3 65. Rf5 Ra2 66. Kf1 Ra4 67. Be5 Ra2 68. Rh5 Ra3 69. Kf2 Ra2+ 70. Kg3 Ra3 71. Bf6 Ra4 72. Rb5 Ra3 73. Rb8+ Kd7 74. Rb7+ Ke8 75. g5 Ra6 76. Kg4 Ra4+ 77. Kg3 Ra6 78. f4 Ra3+ 79. Kg4 Ra4 80. Be5 Ra5 81. Kf5 Nd4+ 82. Ke4 Ne6 83. Kf5 Nd4+ 84. Kg4 Ne6 85. Bc3 Ra4 86. Bb4 Nd4 87. Bd6 Ra6 88. Bc5 Ne6 89. Bb4 Ra4 90. f5 Nc5 91. Rb8+ Kd7 92. Kh5 Ne4 93. Be1 Nd6 94. g6 Nxf5 95. Rb7+ Ke8 96. Rb8+ Ke7 97. Rb7+ Ke8 98. gxf7+ Kf8 99. Bf2 Ne7 100. Bh4 Re4 101. Bxe7+ Rxe7 102. Rxe7 Kxe7 103. Kg6 Kf8 104. Kf6 1/2-1/2

[Event "GER-ch 82nd"]
[Site "Bonn"]
[Date "2011.05.29"]
[Round "4"]
[White "Khenkin, Igor"]
[Black "Gustafsson, Jan"]
[Result "1/2-1/2"]
[WhiteElo "2620"]
[BlackElo "2646"]
[EventDate "2011.05.26"]
[PlyCount "22"]

1. d4 d5 2. c4 e6 3. Nf3 Nf6 4. e3 Be7 5. b3 O-O 6. Bd3 b6 7. O-O Bb7 8. Bb2 Nbd7 9. Nc3 c5 10. Qe2 cxd4 11. exd4 Rc8 1/2-1/2

[Event "GER-ch 82nd"]
[Site "Bonn"]
[Date "2011.05.29"]
[Round "4"]
[White "Krassowizkij, Jaroslaw"]
[Black "Rietze, Clemens"]
[Result "1/2-1/2"]
[WhiteElo "2356"]
[BlackElo "2283"]
[EventDate "2011.05.26"]
[PlyCount "103"]

1. d4 Nf6 2. c4 g6 3. g3 Bg7 4. Bg2 d5 5. cxd5 Nxd5 6. Nf3 O-O 7. O-O Nb6 8. Nc3 Nc6 9. e3 e5 10. d5 Na5 11. e4 c6 12. Bg5 f6 13. Be3 cxd5 14. Bxb6 axb6 15. Qxd5+ Kh8 16. Qxd8 Rxd8 17. Nd5 Rd6 18. b4 Nc4 19. Rfc1 Nb2 20. Rc2 Na4 21. Nc7 Rb8 22. Bf1 Bg4 23. Kg2 Rc8 24. Bb5 Bd7 25. Bxd7 Rxd7 26. Rac1 Bh6 27. Nd5 Rcd8 28. Nxf6 Rd6 29. Nd5 Bxc1 30. Rxc1 Rc6 31. Nxe5 Rxc1 32. Nf7+ Kg7 33. Nxd8 Nc3 34. Nxb6 Nxa2 35. Nd5 Nc3 36. Nxc3 Rxc3 37. Nxb7 Rb3 38. Nc5 Rxb4 39. Kf3 Rc4 40. Nd3 Kf6 41. h4 h6 42. Ke3 Rc2 43. f3 Rc3 44. Kd4 Rc2 45. Nf4 Rf2 46. Ke3 Ra2 47. Nd5+ Kf7 48. Kf4 Rf2 49. Ne3 Ra2 50. g4 Rh2 51. Kg3 Rh1 52. g5 1/2-1/2

[Event "GER-ch 82nd"]
[Site "Bonn"]
[Date "2011.05.29"]
[Round "4"]
[White "Lederle, Vitus"]
[Black "Krause, Ullrich"]
[Result "0-1"]
[WhiteElo "2226"]
[BlackElo "2283"]
[EventDate "2011.05.26"]
[PlyCount "80"]

1. e4 e6 2. d4 d5 3. Nc3 Nf6 4. Bg5 Bb4 5. e5 h6 6. Bd2 Bxc3 7. bxc3 Ne4 8. Qg4 g6 9. Bd3 Nxd2 10. Kxd2 c5 11. h4 c4 12. Bf1 Nd7 13. h5 g5 14. Ne2 f5 15. Qg3 Qe7 16. Qe3 Nb6 17. g3 Bd7 18. Bg2 Kd8 19. Rhb1 Kc7 20. Rb4 a5 21. Rbb1 Na4 22. a3 b5 23. Bh3 Rhf8 24. Rf1 Rab8 25. f4 g4 26. Bxg4 fxg4 27. f5 Rxf5 28. Rxf5 exf5 29. Qxh6 Rb6 30. Qe3 b4 31. axb4 axb4 32. Rh1 bxc3+ 33. Nxc3 Nxc3 34. Qxc3 Qg5+ 35. Qe3 Qh6 36. Qxh6 Rxh6 37. Ke3 Be8 38. Kf4 Rxh5 39. Rxh5 Bxh5 40. Kxf5 c3 0-1

[Event "GER-ch 82nd"]
[Site "Bonn"]
[Date "2011.05.29"]
[Round "4"]
[White "Mertens, Heiko"]
[Black "Siebrecht, Sebastian"]
[Result "0-1"]
[WhiteElo "2355"]
[BlackElo "2460"]
[EventDate "2011.05.26"]
[PlyCount "76"]

1. e4 c5 2. Nf3 e6 3. d4 cxd4 4. Nxd4 a6 5. Bd3 Bc5 6. Nb3 Be7 7. c4 Nc6 8. O-O Nf6 9. Nc3 d6 10. Be3 O-O 11. f4 Re8 12. Kh1 b6 13. Rc1 Bb7 14. Qd2 Rc8 15. a3 Bf8 16. Rfd1 Nb8 17. Qe2 Qc7 18. Nd2 g6 19. b4 Nbd7 20. Nb3 Qb8 21. Rc2 Bg7 22. Rdc1 Qa8 23. Nd2 h5 24. Qf1 Qb8 25. Nf3 Rc7 26. Ng5 Qa8 27. h3 Bh6 28. Re1 Qd8 29. e5 dxe5 30. fxe5 Nxe5 31. Bxb6 Qxd3 32. Bxc7 Qxc2 33. Re2 Qf5 34. Rf2 Qxg5 35. Rxf6 Bxg2+ 36. Qxg2 Qxf6 37. Ne4 Qf4 38. Qe2 Bg7 0-1

[Event "GER-ch 82nd"]
[Site "Bonn"]
[Date "2011.05.29"]
[Round "4"]
[White "Molinaroli, Martin"]
[Black "Bracker, Frank"]
[Result "0-1"]
[WhiteElo "2286"]
[BlackElo "2355"]
[EventDate "2011.05.26"]
[PlyCount "114"]

1. e4 c5 2. Nc3 d6 3. f4 g6 4. Nf3 Bg7 5. Bb5+ Bd7 6. a4 Nc6 7. d3 Nf6 8. O-O O-O 9. Bxc6 Bxc6 10. Qe1 e6 11. Bd2 h6 12. h3 Nd7 13. Qg3 Kh7 14. Kh1 f5 15. Rae1 Qe7 16. exf5 gxf5 17. Nh4 Qf7 18. Nb5 Bxb5 19. axb5 Rg8 20. Qe3 Rae8 21. Ra1 Bxb2 22. Rxa7 Bf6 23. Nf3 Nb6 24. c4 Rg7 25. Ba5 Nc8 26. Ra8 b6 27. Bd2 Qb7 28. Ra6 Qf7 29. Rf2 Qg6 30. Re2 e5 31. Ra8 e4 32. dxe4 Rxe4 33. Qf2 Ne7 34. Ra4 d5 35. Ne5 Bxe5 36. fxe5 d4 37. Bf4 Qh5 38. Raa2 Ng6 39. Bg3 Re7 40. Kh2 Rxe2 41. Rxe2 Qg5 42. Qf3 f4 43. Be1 Nxe5 44. Qe4+ Ng6 45. Qd3 Rxe2 46. Qxe2 Qe5 47. Qf1 Qe4 48. Bf2 d3 49. Qa1 d2 50. Qf6 d1=Q 51. Qf7+ Kh8 52. Bh4 Qxg2+ 53. Kxg2 Nxh4+ 54. Kf2 Qd2+ 55. Kf1 Qg2+ 56. Ke1 Nf3+ 57. Kd1 Qd2# 0-1

[Event "GER-ch 82nd"]
[Site "Bonn"]
[Date "2011.05.29"]
[Round "4"]
[White "Seel, Christian"]
[Black "Natsidis, Christoph"]
[Result "1/2-1/2"]
[WhiteElo "2484"]
[BlackElo "2363"]
[EventDate "2011.05.26"]
[PlyCount "79"]

1. Nf3 c5 2. c4 Nf6 3. Nc3 e6 4. d4 cxd4 5. Nxd4 d5 6. cxd5 Nxd5 7. Bd2 Be7 8. e4 Nb6 9. Be3 O-O 10. Be2 Bd7 11. O-O Nc6 12. Rc1 Nxd4 13. Qxd4 Bc6 14. Bb5 Qxd4 15. Bxd4 Rac8 16. Bxc6 Rxc6 17. Nb5 Rd8 18. Be3 Rxc1 19. Rxc1 Nc4 20. Bxa7 Nxb2 21. Bb6 Ra8 22. Rc7 Rxa2 23. Rc8+ Bf8 24. h4 Nd3 25. Bc7 Ra1+ 26. Kh2 Rc1 27. f3 Rc5 28. Rd8 Rxb5 29. Bd6 h5 30. Rxf8+ Kh7 31. Rxf7 Kg6 32. Rd7 Rb2 33. Bf8 Ne1 34. Rxg7+ Kf6 35. Kh3 b5 36. Rg5 Kf7 37. Bd6 b4 38. Be5 Rb1 39. Rg7+ Ke8 40. Rb7 1/2-1/2

[Event "GER-ch 82nd"]
[Site "Bonn"]
[Date "2011.05.29"]
[Round "4"]
[White "Strache, Michael"]
[Black "Huschenbeth, Niclas"]
[Result "1/2-1/2"]
[WhiteElo "2317"]
[BlackElo "2502"]
[EventDate "2011.05.26"]
[PlyCount "106"]

1. d4 d5 2. Nf3 e6 3. c4 c6 4. g3 dxc4 5. Bg2 b5 6. O-O Nf6 7. Ne5 Bb7 8. a4 a6 9. b3 cxb3 10. Bb2 b4 11. a5 Be7 12. Qxb3 O-O 13. Rc1 Ra7 14. Nd3 Ba8 15. Nd2 Rb7 16. Qc4 Rb5 17. Nb3 Nfd7 18. Ra4 Qc7 19. e4 c5 20. Rxb4 Nc6 21. Rxb5 axb5 22. Qxb5 Rb8 23. Qa4 Qb7 24. Nbxc5 Nxc5 25. dxc5 Qa6 26. Qc4 Qxc4 27. Rxc4 Nxa5 28. Rc2 Bc6 29. h4 Kf8 30. Be5 Rb1+ 31. Kh2 f6 32. Bc7 Nb3 33. Bb6 e5 34. Ra2 Nc1 35. Rb2 Rxb2 36. Nxb2 Nb3 37. Nd3 Bb5 38. Nb4 Bxc5 39. Bxc5+ Nxc5 40. Nd5 Bd3 41. f3 Bc4 42. Ne3 Be2 43. Kg1 Ne6 44. Kf2 Nd4 45. Nd5 Kf7 46. Nc3 Bc4 47. Bh3 Ke7 48. Nb1 Kd6 49. Nd2 Kc5 50. f4 Bb5 51. fxe5 fxe5 52. Bg4 h6 53. Bd1 Bc6 1/2-1/2

[Event "GER-ch 82nd"]
[Site "Bonn"]
[Date "2011.05.29"]
[Round "4"]
[White "Svane, Rasmus"]
[Black "Jugelt, Tobias"]
[Result "1/2-1/2"]
[WhiteElo "2297"]
[BlackElo "2403"]
[EventDate "2011.05.26"]
[PlyCount "160"]

1. Nf3 d5 2. c4 c6 3. e3 Nf6 4. Nc3 g6 5. b3 Bg7 6. Bb2 O-O 7. Be2 Re8 8. d4 e6 9. O-O b6 10. Qc2 Bb7 11. Rac1 Nbd7 12. Rfd1 Rc8 13. Qb1 Qe7 14. e4 dxe4 15. Nxe4 c5 16. Nxf6+ Bxf6 17. dxc5 Nxc5 18. Ne5 Red8 19. Qa1 Kg7 20. Ng4 Bxb2 21. Qxb2+ f6 22. b4 Ne4 23. Bf3 e5 24. Bxe4 Bxe4 25. Re1 Qb7 26. Nxe5 Bxg2 27. Ng4 Rd6 28. Re3 h5 29. Rce1 Rc7 30. Re6 Rxe6 31. Rxe6 Qf3 32. Qxf6+ Qxf6 33. Nxf6 Kf7 34. Rd6 Rxc4 35. Kxg2 Ke7 36. Ne4 Rxb4 37. Rxg6 Rxe4 38. Rg7+ Kf6 39. Rxa7 Kg5 40. Ra6 Rb4 41. Kg3 Rb1 42. Ra8 Rb2 43. h4+ Kf6 44. f3 Rc2 45. Ra7 Rd2 46. Ra6 Rb2 47. a4 Kf5 48. a5 bxa5 49. Rxa5+ Kg6 50. Rg5+ Kh6 51. Re5 Kg6 52. Re6+ Kg7 53. Kf4 Rb4+ 54. Re4 Rb3 55. Rc4 Ra3 56. Ke4 Kf6 57. Rc6+ Kf7 58. f4 Ra4+ 59. Ke5 Ra5+ 60. Kd4 Ra1 61. f5 Re1 62. Kd5 Re2 63. Rh6 Re1 64. Kd6 Re4 65. Re6 Rxh4 66. Ke5 Ra4 67. Rb6 h4 68. Rb7+ Kf8 69. Kf6 Ra6+ 70. Kg5 h3 71. Rh7 h2 72. Rxh2 Rb6 73. Ra2 Kf7 74. Ra7+ Kf8 75. Ra8+ Kf7 76. Ra7+ Kf8 77. f6 Rb1 78. Kg6 Rg1+ 79. Kf5 Rf1+ 80. Ke6 Re1+ 1/2-1/2

[Event "GER-ch 82nd"]
[Site "Bonn"]
[Date "2011.05.29"]
[Round "4"]
[White "Tischbierek, Raj"]
[Black "Buhmann, Rainer"]
[Result "1/2-1/2"]
[WhiteElo "2431"]
[BlackElo "2579"]
[EventDate "2011.05.26"]
[PlyCount "38"]

1. d4 d5 2. c4 c6 3. cxd5 cxd5 4. Nc3 Nf6 5. Bf4 Nc6 6. e3 a6 7. Rc1 Bf5 8. Nf3 e6 9. Qb3 Ra7 10. Ne5 Be7 11. Nxc6 bxc6 12. Be2 Qa8 13. Na4 O-O 14. O-O Rb7 15. Qd1 Rc8 16. Bd3 Bxd3 17. Qxd3 Nd7 18. Rc2 Nb6 19. Nxb6 Rxb6 1/2-1/2

[Event "GER-ch 82nd"]
[Site "Bonn"]
[Date "2011.05.29"]
[Round "4"]
[White "Vatter, Hans Joachim"]
[Black "Lubbe, Nikolas"]
[Result "1-0"]
[WhiteElo "2326"]
[BlackElo "2422"]
[EventDate "2011.05.26"]
[PlyCount "105"]

1. e4 d5 2. exd5 Qxd5 3. Nf3 Bg4 4. Be2 Nc6 5. d4 O-O-O 6. c4 Qf5 7. Be3 Nf6 8. O-O e6 9. Nbd2 Bd6 10. Re1 h5 11. a3 g5 12. b4 Bxf3 13. Nxf3 Ng4 14. Bd3 Nxe3 15. fxe3 Qf6 16. c5 g4 17. cxd6 gxf3 18. Qxf3 Qxf3 19. gxf3 Rxd6 20. f4 f6 21. Rad1 Ne7 22. Kf2 Rhd8 23. Be2 Nd5 24. Bf3 a5 25. bxa5 Ra6 26. Rg1 Rxa5 27. Rd3 Nb6 28. Rg7 Rd7 29. Rg8+ Rd8 30. Bxb7+ Kd7 31. Rg7+ Ke8 32. Rxc7 e5 33. Rc6 e4 34. Rb3 Nd7 35. Rc7 Ra7 36. Rbc3 f5 37. Bc8 Ra5 38. Bxd7+ Rxd7 39. Rxd7 Kxd7 40. Kg3 Ke6 41. Kh4 Ra8 42. Rb3 Kf6 43. Rb6+ Kf7 44. Kg5 Rxa3 45. Kxf5 Rxe3 46. Rb7+ Kf8 47. Kf6 Ke8 48. Ke6 Kf8 49. f5 Ra3 50. Rb8+ Kg7 51. f6+ Kg6 52. Rg8+ Kh7 53. f7 1-0

[Event "GER-ch 82nd"]
[Site "Bonn"]
[Date "2011.05.29"]
[Round "4"]
[White "Zill, Christoph"]
[Black "Kummerow, Heiko"]
[Result "0-1"]
[WhiteElo "2278"]
[BlackElo "2326"]
[EventDate "2011.05.26"]
[PlyCount "80"]

1. e4 c5 2. Nf3 d6 3. d4 cxd4 4. Nxd4 Nf6 5. Nc3 a6 6. Be3 e5 7. Nb3 Be6 8. f3 h5 9. Qd2 Nbd7 10. Nd5 Bxd5 11. exd5 g6 12. O-O-O Qc7 13. Kb1 Bg7 14. c4 b6 15. h4 a5 16. Qc2 Rc8 17. Bd3 O-O 18. Rc1 Qb7 19. Qe2 Rfe8 20. Nd2 e4 21. Bxe4 Nc5 22. Rhe1 Nfxe4 23. fxe4 Qe7 24. Bxc5 bxc5 25. Nf3 Rb8 26. Rc2 Rb4 27. Qe3 Qf6 28. Ree2 Reb8 29. e5 dxe5 30. Qxe5 Qb6 31. Qf4 Bxb2 32. Qxb8+ Qxb8 33. Rxb2 Kf8 34. Red2 a4 35. a3 Rb3 36. Ka2 Qf4 37. Rdc2 Qe3 38. d6 Qd3 39. d7 Rxa3+ 40. Kb1 Qxd7 0-1

[Event "GER-ch 82nd"]
[Site "Bonn"]
[Date "2011.05.30"]
[Round "5"]
[White "Bracker, Frank"]
[Black "Svane, Rasmus"]
[Result "0-1"]
[WhiteElo "2355"]
[BlackElo "2297"]
[EventDate "2011.05.26"]
[PlyCount "118"]

1. e4 e6 2. d4 d5 3. Nc3 Nf6 4. Bg5 Bb4 5. exd5 Qxd5 6. Bxf6 Bxc3+ 7. bxc3 gxf6 8. Qg4 Nc6 9. Qg7 Qe4+ 10. Ne2 Rf8 11. Qxf6 Qxc2 12. g3 Qe4 13. f3 Qe3 14. Qf4 Qxf4 15. Nxf4 Bd7 16. Nd3 b6 17. f4 f6 18. Bh3 Ne7 19. O-O Kf7 20. Rfe1 Rfe8 21. Re2 h5 22. Rae1 Nf5 23. Kf2 Rad8 24. Bxf5 exf5 25. Rxe8 Bxe8 26. Ke3 Bc6 27. c4 Be4 28. Nf2 Bb7 29. Nd3 h4 30. gxh4 Rh8 31. d5 Rxh4 32. Re2 Rh8 33. Kd4 Rd8 34. Re3 c6 35. Rh3 Kg7 36. Rg3+ Kh6 37. Rh3+ Kg6 38. Rg3+ Kh7 39. Rh3+ Kg8 40. Rg3+ Kf8 41. Rh3 Rd7 42. Rh8+ Kg7 43. Rb8 cxd5 44. c5 Re7 45. Rxb7 Rxb7 46. c6 Rb8 47. Nb4 Kf7 48. Kxd5 Rd8+ 49. Kc4 Ke7 50. c7 Rc8 51. Nd5+ Kd6 52. a4 Rh8 53. h4 a6 54. h5 Kd7 55. a5 bxa5 56. Kc5 a4 57. Kb4 Kd6 58. Nxf6 Kxc7 59. Kxa4 Kd6 0-1